Древесиноведческие аспекты сохранения исторических построек (Запись № 114410)

Подробности
000 -МАРКЕР
контрольное поле 02616nam0a2200469 4500
001 - ИДЕНТИФИКАТОР ЗАПИСИ
контрольное поле RU\NLR\bibl\1230761
005 - ИДЕНТИФИКАТОР ВЕРСИИ
контрольное поле 20260405155227.0
010 ## - МЕЖДУНАРОДНЫЙ СТАНДАРТНЫЙ НОМЕР КНИГИ (ISBN)
Номер (ISBN) 978-5-9274-0311-0
Тираж 300
021 ## - НОМЕР ГОСУДАРСТВЕННОЙ РЕГИСТРАЦИИ
Код страны российская федерация
Номер 2008-23738
Номер Листа государственной регистраци 1306
035 ## - ДРУГИЕ СИСТЕМНЫЕ НОМЕРА
Идентификатор записи (nilc)EL/0000185365
035 ## - ДРУГИЕ СИСТЕМНЫЕ НОМЕРА
Идентификатор записи (NLR Aleph) 001217034
100 ## - ДАННЫЕ ОБЩЕЙ ОБРАБОТКИ
Данные общей обработки 20080407d2007 |||y0rusy50 ca
101 0# - ЯЗЫК РЕСУРСА
Язык текста, звукозаписи и т.д. русский
Язык резюме английский
102 ## - СТРАНА ПУБЛИКАЦИИ ИЛИ ПРОИЗВОДСТВА
Страна публикации российская федерация
105 ## - ПОЛЕ КОДИРОВАННЫХ ДАННЫХ: ТЕКСТОВЫЕ МАТЕРИАЛЫ, МОНОГРАФИЧЕСКИЕ
Кодированные данные о монографическом текстовом документе a |||||||||
200 1# - ЗАГЛАВИЕ И СВЕДЕНИЯ ОБ ОТВЕТСТВЕННОСТИ
Основное заглавие Древесиноведческие аспекты сохранения исторических построек
Параллельное заглавие Wood Science Approach to the Preservation of Historic Timber Structures
Первые сведения об ответственности М. В. Кистерная, В. А. Козлов
Последующие сведения об ответственности [ФГУК "Гос. ист.-архит. и этногр. музей-заповеник "Кижи", Карел. науч. центр Рос. акад. наук, Ин-т леса]
Язык параллельного заглавия английский
210 ## - ПУБЛИКАЦИЯ, РАСПРОСТРАНЕНИЕ И ДР.
Место издания, распространения и т.д. Петрозаводск
Имя издателя, распространителя и т. д. Карельский научный центр РАН
Дата издания, распространения и т.д. 2007
215 ## - ФИЗИЧЕСКАЯ ХАРАКТЕРИСТИКА
Специфическое обозначение материала и объем 130, [2] с., [24] л. цв. ил.
Другие сведения о физической характеристике ил.
Размеры 21
300 ## - ОБЩИЕ ПРИМЕЧАНИЯ
Текст примечания Авт. также на англ. яз.: M. V. Kisternaya, V. A. Kozlov
300 ## - ОБЩИЕ ПРИМЕЧАНИЯ
Текст примечания На 4-й с. обл. авт.: М. В. Кистерная - к.т.н., В. А. Козлов - к.б.н.
320 ## - ПРИМЕЧАНИЯ О НАЛИЧИИ В ДОКУМЕНТЕ БИБЛИОГРАФИИ / УКАЗАТЕЛЯ
Текст примечания Библиогр.: с. 122-130
510 0# - ПАРАЛЛЕЛЬНОЕ ЗАГЛАВИЕ
Связь между полями z11790
Параллельное заглавие Wood Science Approach to the Preservation of Historic Timber Structures
Язык заглавия английский
606 1# - НАИМЕНОВАНИЕ ТЕМЫ КАК ПРЕДМЕТ
Наименование темы Архитектурные памятники
Тематический подзаголовок Реставрация
Географический подзаголовок Российская Федерация
Системный номер авторитетной/нормативной записи 2326748
Идентификатор авторитетной/нормативной записи RU\NLR\auth\661391660
606 1# - НАИМЕНОВАНИЕ ТЕМЫ КАК ПРЕДМЕТ
Наименование темы Деревянная архитектура русская
Системный номер авторитетной/нормативной записи 1036100
Идентификатор авторитетной/нормативной записи RU\NLR\auth\6680371
606 1# - НАИМЕНОВАНИЕ ТЕМЫ КАК ПРЕДМЕТ
Наименование темы Древесина
Тематический подзаголовок Качество
Системный номер авторитетной/нормативной записи 2190690
Идентификатор авторитетной/нормативной записи RU\NLR\auth\661316908
686 ## - ИНДЕКСЫ ДРУГИХ КЛАССИФИКАЦИЙ
Индекс 37.11
Издание LBC/RL
Код системы
686 ## - ИНДЕКСЫ ДРУГИХ КЛАССИФИКАЦИЙ
Индекс 79.0
Издание LBC/RL
Код системы
686 ## - ИНДЕКСЫ ДРУГИХ КЛАССИФИКАЦИЙ
Индекс Щ113(2Р=Рус)0-47
686 ## - ИНДЕКСЫ ДРУГИХ КЛАССИФИКАЦИЙ
Индекс Щ117.035-082.06
686 ## - ИНДЕКСЫ ДРУГИХ КЛАССИФИКАЦИЙ
Индекс М13-906
700 #1 - ИМЯ ЛИЦА - ПЕРВИЧНАЯ ОТВЕТСТВЕННОСТЬ
Код отношения Автор
Материалы, к которым относится поле rus
Графика поля Кириллица
Начальный элемент ввода Кистерная
Часть имени, кроме начального элемента ввода М. В.
Расширение инициалов личного имени Маргарита Васильевна
Идентификатор авторитетной/нормативной записи RU\NLR\auth\7766051
Системный номер авторитетной/нормативной записи 48980
701 #1 - ИМЯ ЛИЦА - АЛЬТЕРНАТИВНАЯ ОТВЕТСТВЕННОСТЬ
Код отношения Автор
Материалы, к которым относится поле rus
Графика поля Кириллица
Начальный элемент ввода Козлов
Часть имени, кроме начального элемента ввода В. А.
Дополнения к именам, кроме дат канд. биол. наук
Расширение инициалов личного имени Валерий Александрович
Идентификатор авторитетной/нормативной записи RU\NLR\auth\7766049
Системный номер авторитетной/нормативной записи 48978
790 #1 - ИМЯ ЛИЦА - АЛЬТЕРНАТИВНАЯ ФОРМА
Код отношения Автор
Материалы, к которым относится поле rus
Графика поля Латинская
Начальный элемент ввода Kisternaja
Часть имени, кроме начального элемента ввода M. V.
Расширение инициалов личного имени Margarita Vasil'evna
Идентификатор авторитетной/нормативной записи RU\NLR\auth\7766053
Системный номер авторитетной/нормативной записи 48982
790 #1 - ИМЯ ЛИЦА - АЛЬТЕРНАТИВНАЯ ФОРМА
Код отношения Автор
Материалы, к которым относится поле rus
Графика поля Латинская
Начальный элемент ввода Kozlov
Часть имени, кроме начального элемента ввода V. A.
Дополнения к именам, кроме дат канд. биол. наук
Расширение инициалов личного имени Valerij Aleksandrovič
Идентификатор авторитетной/нормативной записи RU\NLR\auth\7766054
Системный номер авторитетной/нормативной записи 48983
801 #0 - ИСТОЧНИК ЗАПИСИ
Страна российская федерация
Организация НБР Карелия
Дата составления 20080407
Правила каталогизации rcr
801 #1 - ИСТОЧНИК ЗАПИСИ
Страна российская федерация
Организация НБР Карелия
Дата составления 20080407
801 #2 - ИСТОЧНИК ЗАПИСИ
Страна российская федерация
Организация NLR
Дата составления 20080522
Правила каталогизации rcr
942 ## - ДОПОЛНИТЕЛЬНЫЕ ЭЛЕМЕНТЫ ЗАПИСИ (АБИС)
Тип экземпляра АБИС Книга
980 ## - КОЛЛЕКЦИЯ
Название коллекции Национальная библиография
Экземпляры
Тип экземпляра Дата поступления Источник поступления Библиотека постоянного хранения Библиотека текущего хранения Место хранения Шифр хранения Штрих-код Статус не для выдачи
Книга 22.05.2008 Обязательный экземпляр РНБ (Московский) РНБ (Московский) Русский книжный фонд: издания с 1957 года, 9этаж 2008-3/15011 1-1839991  
Книга 22.05.2008 Обязательный экземпляр РНБ (Московский) РНБ (Московский) Русский книжный фонд: издания с 1957 года, 9этаж 2008-3/15011 1-1840036